[Event "4NCL/Div4/LMAO1 vs. OXF2"]
[Site "Birmingham ENG"]
[Date "2006.09.23"]
[Round "1.1"]
[White "Poobalasingam, Peter"]
[Black "Shaw, David A"]
[Result "1/2-1/2"]
[WhiteElo "2068"]
[BlackElo "2201"]
[PlyCount "173"]
[EventDate "2006.09.23"]
[EventType "team"]
[EventRounds "11"]
[EventCountry "ENG"]
[WhiteTeam "London Mstrs 1"]
[BlackTeam "Oxford 2"]

1. d4 e6 2. c4 f5 3. Nf3 Nf6 4. g3 d5 5. Bg2 c6 6. O-O Bd6 7. b3 Qe7 8. Bb2
Nbd7 9. Qc1 O-O 10. Ba3 c5 11. Nc3 cxd4 12. Bxd6 Qxd6 13. Nb5 Qb6 14. Nbxd4 Ne4
15. b4 e5 16. c5 Qxb4 17. Ne6 Rf6 18. Nc7 Rb8 19. Nxd5 Qxc5 20. Nxf6+ gxf6 21.
Bh3 Nc3 22. Qd2 Nb6 23. Nh4 f4 24. Bxc8 Rxc8 25. gxf4 Qd4 26. Qxd4 Nxe2+ 27.
Kh1 exd4 28. Rad1 Nd5 29. Nf5 Rc4 30. Rd2 Ndxf4 31. Ne3 Rc5 32. Ng2 d3 33. Nxf4
Nxf4 34. h4 Kf7 35. Re1 Rh5 36. Kh2 Kg6 37. Kg3 Ne2+ 38. Kf3 Rf5+ 39. Kg2 Rh5
40. Kf1 Nf4 41. Re4 Rxh4 42. f3 Rh1+ 43. Kf2 Rh2+ 44. Ke3 Nd5+ 45. Kxd3 Rh3 46.
Kd4 Nb4 47. Ke3 Nc6 48. Rd6 Rh2 49. Rf4 Ne7 50. Rdxf6+ Kg5 51. Kd3 Rxa2 52. Rf7
Ng6 53. R4f5+ Kh6 54. Rxb7 a5 55. Ra7 Ra3+ 56. Ke2 a4 57. f4 Ra2+ 58. Ke3 Ra3+
59. Ke4 Ra1 60. Rff7 Kh5 61. f5 Re1+ 62. Kd4 Ne5 63. Rxh7+ Kg5 64. Rxa4 Nf3+
65. Kc5 Re5+ 66. Kd6 Rxf5 67. Rg7+ Kf6 68. Rg8 Ng5 69. Ra6 Kf7 70. Raa8 Kf6 71.
Kc6 Rf1 72. Kb5 Nf7 73. Kb4 Rf5 74. Kc3 Rf4 75. Kd2 Rf5 76. Ke3 Re5+ 77. Kd4
Re1 78. Ra6+ Ke7 79. Rg3 Rd1+ 80. Rd3 Rxd3+ 81. Kxd3 Kd7 82. Kd4 Nd8 83. Kd5
Ke7 84. Ke4 Nf7 85. Kd5 Nd8 86. Rb6 Kd7 87. Ra6 1/2-1/2

[Event "4NCL/Div4/LMAO1 vs. OXF2"]
[Site "Birmingham ENG"]
[Date "2006.09.23"]
[Round "1.2"]
[White "Dickinson, Timothy R"]
[Black "Graham, Nick"]
[Result "1-0"]
[WhiteElo "2206"]
[BlackElo "2060"]
[PlyCount "43"]
[EventDate "2006.09.23"]
[EventType "team"]
[EventRounds "11"]
[EventCountry "ENG"]
[WhiteTeam "Oxford 2"]
[BlackTeam "London Mstrs 1"]

1. e4 e5 2. Nf3 Nc6 3. Bb5 Nge7 4. O-O g6 5. c3 Bg7 6. d4 exd4 7. cxd4 O-O 8.
d5 Ne5 9. Nxe5 Bxe5 10. f4 Bg7 11. d6 cxd6 12. Qxd6 a6 13. f5 Nc6 14. f6 Qb6+
15. Rf2 Bh8 16. Nc3 axb5 17. Nd5 Qd8 18. Ne7+ Nxe7 19. fxe7 Qe8 20. Bh6 Bg7 21.
Bxg7 Kxg7 22. Raf1 1-0

[Event "4NCL/Div4/LMAO1 vs. OXF2"]
[Site "Birmingham ENG"]
[Date "2006.09.23"]
[Round "1.3"]
[White "Gaudeau, Valentin"]
[Black "Starkie, Ray"]
[Result "0-1"]
[WhiteElo "1933"]
[BlackElo "2150"]
[PlyCount "58"]
[EventDate "2006.09.23"]
[EventType "team"]
[EventRounds "11"]
[EventCountry "ENG"]
[WhiteTeam "London Mstrs 1"]
[BlackTeam "Oxford 2"]

1. d4 Nf6 2. Nf3 g6 3. c4 Bg7 4. Nc3 O-O 5. e4 d6 6. Be2 e5 7. d5 a5 8. O-O Na6
9. Be3 Nc5 10. Bxc5 dxc5 11. h3 Ne8 12. a3 Nd6 13. Nd2 Bd7 14. Bd3 Qg5 15. Kh2
f5 16. Rb1 b6 17. Qe2 Qh4 18. f3 Bh6 19. Rbd1 Bf4+ 20. Kg1 Qg3 21. exf5 gxf5
22. Nb3 Rf6 23. Qc2 Be3+ 24. Kh1 Rh6 25. f4 e4 26. Qe2 Bxf4 27. Rxf4 Qxf4 28.
Bc2 Re8 29. Rf1 Qg3 0-1

[Event "4NCL/Div4/LMAO1 vs. OXF2"]
[Site "Birmingham ENG"]
[Date "2006.09.23"]
[Round "1.4"]
[White "Scott, David A"]
[Black "Schlesinger, Noah W"]
[Result "1-0"]
[WhiteElo "2110"]
[BlackElo "1935"]
[PlyCount "103"]
[EventDate "2006.09.23"]
[EventType "team"]
[EventRounds "11"]
[EventCountry "ENG"]
[WhiteTeam "Oxford 2"]
[BlackTeam "London Mstrs 1"]

1. Nf3 d5 2. c4 e6 3. d4 Nf6 4. Bg5 c6 5. e3 Nbd7 6. Nc3 Bd6 7. Be2 O-O 8. O-O
Qa5 9. Qc2 b6 10. Nd2 b5 11. Nb3 Qc7 12. cxb5 cxb5 13. Bxb5 Bxh2+ 14. Kh1 Ne4
15. Be7 Re8 16. Rac1 Nxc3 17. Qxc3 Qxc3 18. Rxc3 Rxe7 19. Kxh2 Rb8 20. Rfc1 Re8
21. Ba4 Rd8 22. Rc7 a6 23. Na5 Rf8 24. Bxd7 Bxd7 25. Rxd7 Rxb2 26. Kg3 Rxa2 27.
Rc5 h5 28. Rb7 g5 29. f3 h4+ 30. Kh3 Kg7 31. Nc6 Kg6 32. Ne5+ Kf5 33. Rxf7+
Rxf7 34. Nxf7 a5 35. Rc3 Kf6 36. Nd6 a4 37. Nb5 Ke7 38. Ra3 Rb2 39. Nc3 Rb3 40.
Rxb3 axb3 41. Nd1 Kf6 42. Kg4 Kg6 43. e4 Kf6 44. Kh5 e5 45. dxe5+ Kxe5 46. exd5
Kxd5 47. Kxg5 Kd4 48. f4 Kd3 49. f5 Kc2 50. f6 Kxd1 51. f7 Ke2 52. f8=Q 1-0

[Event "4NCL/Div4/LMAO1 vs. OXF2"]
[Site "Birmingham ENG"]
[Date "2006.09.23"]
[Round "1.5"]
[White "Walker, Colin M"]
[Black "Ludbrook, Matt"]
[Result "1-0"]
[WhiteElo "1910"]
[BlackElo "2058"]
[PlyCount "77"]
[EventDate "2006.09.23"]
[EventType "team"]
[EventRounds "11"]
[EventCountry "ENG"]
[WhiteTeam "London Mstrs 1"]
[BlackTeam "Oxford 2"]

1. c4 Nf6 2. g3 g6 3. Bg2 Bg7 4. Nc3 O-O 5. d3 c6 6. Bd2 d6 7. e4 e5 8. Nge2
Nh5 9. Bf3 Nf6 10. Bg2 Ne8 11. O-O Be6 12. h3 Qc8 13. Kh2 f5 14. f4 Nd7 15. Rb1
Nef6 16. Qc2 Qc7 17. b4 a6 18. Rfc1 Rac8 19. Be3 Bh6 20. Qd2 Rfe8 21. a4 Bf7
22. exf5 gxf5 23. fxe5 Bxe3 24. Qxe3 Rxe5 25. Qh6 Re6 26. Qg5+ Kh8 27. Qxf5
Rce8 28. Nd4 Re5 29. Qf2 Bg6 30. Ne4 Nxe4 31. Bxe4 Bxe4 32. dxe4 Rxe4 33. Rf1
Rf8 34. Qb2 Kg8 35. Rxf8+ Kxf8 36. Rf1+ Ke8 37. Qf2 Ne5 38. Qf8+ Kd7 39. Qg7+
1-0

[Event "4NCL/Div4/LMAO1 vs. OXF2"]
[Site "Birmingham ENG"]
[Date "2006.09.23"]
[Round "1.6"]
[White "Bruce, Dave"]
[Black "Dinenis, George"]
[Result "1-0"]
[WhiteElo "2025"]
[BlackElo "1830"]
[PlyCount "75"]
[EventDate "2006.09.23"]
[EventType "team"]
[EventRounds "11"]
[EventCountry "ENG"]
[WhiteTeam "Oxford 2"]
[BlackTeam "London Mstrs 1"]

1. e4 c5 2. Nf3 e6 3. d4 cxd4 4. Nxd4 Nf6 5. Nc3 Nc6 6. Nxc6 bxc6 7. Bd3 d5 8.
O-O d4 9. Ne2 c5 10. Ng3 h5 11. Bg5 h4 12. e5 hxg3 13. fxg3 Be7 14. Qf3 Rb8 15.
exf6 gxf6 16. Bxf6 Bxf6 17. Qxf6 Qxf6 18. Rxf6 Rxb2 19. h4 Bb7 20. Rf2 Bd5 21.
a4 c4 22. Bf1 Rg8 23. Rd1 e5 24. Re2 Kd7 25. Rxe5 Kd6 26. Rf5 d3 27. Bxd3 cxd3
28. Rxd3 Rxc2 29. Rfxd5+ Ke6 30. Ra5 Rb8 31. Rb5 Rbc8 32. Re3+ Kf6 33. Rf3+ Kg6
34. Rg5+ Kh6 35. Rf6+ Kh7 36. Rxf7+ Kh8 37. Rxa7 Ra2 38. Rb5 1-0

[Event "4NCL/Div4/MET vs. BCA"]
[Site "Birmingham ENG"]
[Date "2006.09.23"]
[Round "1.1"]
[White "Dickson, George"]
[Black "Mordue, A Tyson"]
[Result "1/2-1/2"]
[WhiteElo "2145"]
[BlackElo "2290"]
[PlyCount "70"]
[EventDate "2006.09.23"]
[EventType "team"]
[EventRounds "11"]
[EventCountry "ENG"]
[WhiteTeam "Metropolitan"]
[BlackTeam "Braille C A"]

1. e4 c5 2. c3 d5 3. exd5 Qxd5 4. d4 e6 5. Nf3 Nf6 6. Na3 Be7 7. Be2 cxd4 8.
Nb5 Na6 9. Nbxd4 Nc5 10. O-O O-O 11. c4 Qd6 12. b4 Ncd7 13. c5 Qd5 14. Bb2 a5
15. a3 Rd8 16. Qc2 Nf8 17. Rfd1 axb4 18. axb4 Rxa1 19. Bxa1 Ng6 20. Nb5 Qh5 21.
Rxd8+ Bxd8 22. Ne5 Qh4 23. Nxg6 hxg6 24. Nd6 Bd7 25. Qc4 Qg5 26. f4 Qd5 27.
Bxf6 Qxc4 28. Bxc4 Bxf6 29. Nxb7 Kf8 30. Kf1 Bd4 31. Nd6 Ke7 32. Bb5 Bc3 33.
Bxd7 Bxb4 34. Nxf7 Kxf7 35. c6 Bd6 1/2-1/2

[Event "4NCL/Div4/MET vs. BCA"]
[Site "Birmingham ENG"]
[Date "2006.09.23"]
[Round "1.2"]
[White "Ross, Chris"]
[Black "Calvert, D Ian"]
[Result "1-0"]
[WhiteElo "2129"]
[BlackElo "2061"]
[PlyCount "89"]
[EventDate "2006.09.23"]
[EventType "team"]
[EventRounds "11"]
[EventCountry "ENG"]
[WhiteTeam "Braille C A"]
[BlackTeam "Metropolitan"]

1. c4 c6 2. d4 d5 3. Nf3 Nf6 4. e3 g6 5. Nc3 Bg7 6. Bd3 O-O 7. O-O Bg4 8. h3
Bxf3 9. Qxf3 e6 10. Rd1 Nbd7 11. e4 e5 12. dxe5 Nxe5 13. Qe2 d4 14. Na4 Qe7 15.
Bg5 h6 16. Bxf6 Bxf6 17. c5 Rfe8 18. Re1 Nxd3 19. Qxd3 Qe5 20. Rac1 Rad8 21. g3
g5 22. Kg2 Kg7 23. b4 h5 24. Nb2 Qc7 25. Nc4 Be5 26. Qf3 Kh6 27. Rcd1 Re7 28.
Rd3 f6 29. Red1 Re6 30. Qf5 Qe7 31. Kh1 b5 32. Nd2 Bb8 33. f4 h4 34. e5 gxf4
35. Qxf4+ Kg7 36. gxh4 Rxe5 37. Rg1+ Kh7 38. Qg4 Qf7 39. Nf3 Re3 40. Qf5+ Kh8
41. Rg6 Rd5 42. Rh6+ Kg7 43. Qh7+ Kf8 44. Qh8+ Ke7 45. Rh7 1-0

[Event "4NCL/Div4/MET vs. BCA"]
[Site "Birmingham ENG"]
[Date "2006.09.23"]
[Round "1.3"]
[White "Djabri, Zafer M"]
[Black "Armstrong, William G"]
[Result "1-0"]
[WhiteElo "2059"]
[BlackElo "1955"]
[PlyCount "73"]
[EventDate "2006.09.23"]
[EventType "team"]
[EventRounds "11"]
[EventCountry "ENG"]
[WhiteTeam "Metropolitan"]
[BlackTeam "Braille C A"]

1. c4 Nf6 2. Nc3 g6 3. g3 Bg7 4. Bg2 c5 5. Nf3 O-O 6. O-O Nc6 7. d4 Nxd4 8.
Nxd4 cxd4 9. Qxd4 d6 10. Qd3 Nd7 11. b3 Nc5 12. Qe3 a5 13. Bd2 Bd7 14. Rac1 Bc6
15. Ne4 Nxe4 16. Bxe4 Qd7 17. Bc3 e5 18. Rfd1 Qc7 19. Bb2 Rfd8 20. Bd5 Qe7 21.
Ba3 a4 22. Bb4 axb3 23. axb3 Bf6 24. Qd2 Bxd5 25. Qxd5 Ra6 26. Ra1 Rxa1 27.
Rxa1 e4 28. Rd1 e3 29. f4 Qd7 30. Bxd6 Qg4 31. Kf1 Qh3+ 32. Qg2 Qe6 33. Qxb7
Be7 34. c5 Qh3+ 35. Kg1 Qg4 36. Qxe7 Ra8 37. Be5 1-0

[Event "4NCL/Div4/MET vs. BCA"]
[Site "Birmingham ENG"]
[Date "2006.09.23"]
[Round "1.4"]
[White "Burnell, Steve"]
[Black "Djabri, Katherine"]
[Result "1/2-1/2"]
[WhiteElo "1950"]
[BlackElo "2009"]
[PlyCount "58"]
[EventDate "2006.09.23"]
[EventType "team"]
[EventRounds "11"]
[EventCountry "ENG"]
[WhiteTeam "Braille C A"]
[BlackTeam "Metropolitan"]

1. d4 Nf6 2. c4 g6 3. Nc3 Bg7 4. e4 d6 5. Be2 O-O 6. Bg5 h6 7. Be3 e5 8. d5 Na6
9. Qd2 Kh7 10. f3 Bd7 11. g4 Ne8 12. h4 c5 13. O-O-O Rb8 14. Nh3 Nac7 15. Bd3
b5 16. cxb5 Nxb5 17. Nxb5 Bxb5 18. Bxb5 Rxb5 19. h5 g5 20. Ng1 Qa5 21. Qxa5
Rxa5 22. a3 Nc7 23. Ne2 Nb5 24. Bd2 Ra6 25. Kb1 Rb8 26. Ka2 Bf6 27. Rc1 Bd8 28.
Rc4 Kg7 29. Rhc1 Ba5 1/2-1/2

[Event "4NCL/Div4/MET vs. BCA"]
[Site "Birmingham ENG"]
[Date "2006.09.23"]
[Round "1.5"]
[White "Murphy, Kieran"]
[Black "Murphy, Richard L"]
[Result "1-0"]
[WhiteElo "2033"]
[BlackElo "1745"]
[PlyCount "53"]
[EventDate "2006.09.23"]
[EventType "team"]
[EventRounds "11"]
[EventCountry "ENG"]
[WhiteTeam "Metropolitan"]
[BlackTeam "Braille C A"]

1. Nf3 e6 2. d4 d5 3. c4 Nf6 4. Bg5 Be7 5. Nc3 O-O 6. e3 b6 7. Be2 Bb7 8. Bxf6
Bxf6 9. cxd5 Bxd5 10. Nxd5 exd5 11. O-O Nd7 12. Qb3 c6 13. Rac1 Rc8 14. Rc2 Nb8
15. Rfc1 Be7 16. Bb5 c5 17. dxc5 bxc5 18. Rd2 d4 19. exd4 Bg5 20. Nxg5 Qxg5 21.
Rdc2 Rfd8 22. dxc5 Rc7 23. Qg3 Qe7 24. h3 Nc6 25. Re2 Qd7 26. Rce1 Qc8 27. Qxc7
1-0

[Event "4NCL/Div4/MET vs. BCA"]
[Site "Birmingham ENG"]
[Date "2006.09.23"]
[Round "1.6"]
[White "Irving, Alastair"]
[Black "Cooke, Charlie"]
[Result "0-1"]
[WhiteElo "1590"]
[BlackElo "1945"]
[PlyCount "95"]
[EventDate "2006.09.23"]
[EventType "team"]
[EventRounds "11"]
[EventCountry "ENG"]
[WhiteTeam "Braille C A"]
[BlackTeam "Metropolitan"]

1. e4 e5 2. Nf3 Nf6 3. Nxe5 d6 4. Nf3 Nxe4 5. d4 Be7 6. Bd3 Nf6 7. O-O O-O 8.
c4 Bg4 9. Nc3 d5 10. Re1 dxc4 11. Bxc4 h6 12. Be2 Bb4 13. Bd2 Ba5 14. Nb5 Bxd2
15. Qxd2 c6 16. Nc3 Qd6 17. Rad1 Nd5 18. Ne4 Qd8 19. Nc5 Qc7 20. Ne5 Bxe2 21.
Rxe2 Rd8 22. b4 a5 23. bxa5 Rxa5 24. Nxb7 Rxa2 25. Qxa2 Nc3 26. Qxf7+ Qxf7 27.
Nxf7 Nxe2+ 28. Kf1 Rxd4 29. Nxh6+ gxh6 30. Kxe2 Rxd1 31. Kxd1 Kf7 32. Nd6+ Ke6
33. Ne4 Nd7 34. Ke2 Kf5 35. Kf3 Ne5+ 36. Ke3 Ng4+ 37. Kd4 Nxh2 38. Ng3+ Kf4 39.
Kc5 Ng4 40. Ne2+ Ke4 41. f3+ Ke3 42. fxg4 Kxe2 43. Kxc6 Ke3 44. Kd5 Kf4 45. Ke6
Kxg4 46. Kf6 h5 47. g3 Kxg3 48. Kg5 0-1

[Event "4NCL/Div4/ADD vs. NOTT1"]
[Site "Birmingham ENG"]
[Date "2006.09.23"]
[Round "1.1"]
[White "Marchant, Geoff"]
[Black "Richmond, Robert J"]
[Result "0-1"]
[WhiteElo "2050"]
[BlackElo "2229"]
[PlyCount "52"]
[EventDate "2006.09.23"]
[EventType "team"]
[EventRounds "11"]
[EventCountry "ENG"]
[WhiteTeam "Addlestone"]
[BlackTeam "Notts 1"]

1. e4 e6 2. d4 d5 3. e5 c5 4. c3 Nc6 5. Nf3 Qb6 6. Be2 cxd4 7. cxd4 Nge7 8. Nc3
Nf5 9. Na4 Qa5+ 10. Bd2 Bb4 11. Bc3 b5 12. a3 Bxc3+ 13. Nxc3 a6 14. g4 Nfe7 15.
O-O h5 16. h3 Bd7 17. Qd2 Qb6 18. Rad1 Na5 19. Qf4 Ng6 20. Qg5 Qd8 21. gxh5
Qxg5+ 22. Nxg5 Nf4 23. Rfe1 Nc4 24. Bxc4 bxc4 25. Re3 Rxh5 26. Rg3 Rxg5 0-1

[Event "4NCL/Div4/ADD vs. NOTT1"]
[Site "Birmingham ENG"]
[Date "2006.09.23"]
[Round "1.2"]
[White "Mercs, Peter J"]
[Black "Albrecht, Theo"]
[Result "1-0"]
[WhiteElo "2066"]
[BlackElo "2025"]
[PlyCount "33"]
[EventDate "2006.09.23"]
[EventType "team"]
[EventRounds "11"]
[EventCountry "ENG"]
[WhiteTeam "Notts 1"]
[BlackTeam "Addlestone"]

1. e4 d6 2. d4 Nf6 3. Nc3 Nbd7 4. f3 e5 5. Nge2 c6 6. Be3 Be7 7. Qd2 Qc7 8. g4
Nb6 9. Ng3 h6 10. a4 a5 11. Qf2 Nbd7 12. Nf5 Rg8 13. Nxe7 Kxe7 14. O-O-O Nf8
15. dxe5 dxe5 16. Bc5+ Ke8 17. Bd6 1-0

[Event "4NCL/Div4/ADD vs. NOTT1"]
[Site "Birmingham ENG"]
[Date "2006.09.23"]
[Round "1.3"]
[White "Klein, Cornelia"]
[Black "Levens, David"]
[Result "0-1"]
[WhiteElo "1885"]
[BlackElo "2085"]
[PlyCount "66"]
[EventDate "2006.09.23"]
[EventType "team"]
[EventRounds "11"]
[EventCountry "ENG"]
[WhiteTeam "Addlestone"]
[BlackTeam "Notts 1"]

1. e4 c5 2. c3 e6 3. d4 d5 4. Bd3 dxe4 5. Bxe4 Nf6 6. Bf3 cxd4 7. cxd4 Qc7 8.
Bd2 Be7 9. Ne2 O-O 10. O-O Nc6 11. Nbc3 a6 12. d5 Ne5 13. Nf4 Nxf3+ 14. Qxf3 b5
15. dxe6 Bb7 16. exf7+ Rxf7 17. Qh3 b4 18. Nce2 Ne4 19. Be3 Ng5 20. Qg3 Raf8
21. Rac1 Qe5 22. Ng6 Qxg3 23. Nxe7+ Rxe7 24. Nxg3 Ne6 25. Rfd1 Ref7 26. Rd6 Nf4
27. f3 Nxg2 28. Kxg2 Rxf3 29. Bd2 Rd3+ 30. Kh3 Rxd6 31. Bxb4 Rh6+ 32. Kg4 Bf3+
33. Kg5 Rg6+ 0-1

[Event "4NCL/Div4/ADD vs. NOTT1"]
[Site "Birmingham ENG"]
[Date "2006.09.23"]
[Round "1.4"]
[White "Walker, Andrew N"]
[Black "Seale, Denis"]
[Result "1-0"]
[WhiteElo "2060"]
[BlackElo "1860"]
[PlyCount "73"]
[EventDate "2006.09.23"]
[EventType "team"]
[EventRounds "11"]
[EventCountry "ENG"]
[WhiteTeam "Notts 1"]
[BlackTeam "Addlestone"]

1. e4 e5 2. Nc3 Nf6 3. f4 d6 4. Nf3 exf4 5. d4 h6 6. Bxf4 g5 7. Bg3 Bg7 8. Bc4
O-O 9. O-O Nc6 10. d5 Ne7 11. Nd4 Ng4 12. Qd2 c5 13. dxc6 bxc6 14. Nf5 Nxf5 15.
exf5 Qb6+ 16. Kh1 Ne3 17. f6 Nxc4 18. Qe2 Bh8 19. Qxc4 Ba6 20. Qg4 Bxf1 21.
Rxf1 Rfe8 22. h4 Qc5 23. Rf5 Qe3 24. hxg5 h5 25. Qh4 Qc1+ 26. Kh2 Qxc2 27. Rf2
Qg6 28. Bxd6 Rad8 29. Bg3 Rd3 30. Ne2 Qe4 31. Nf4 Rd1 32. Re2 Qxe2 33. Nxe2
Rxe2 34. Qxh5 Rdd2 35. g6 Rxg2+ 36. Kh3 Bxf6 37. Qh7+ 1-0

[Event "4NCL/Div4/ADD vs. NOTT1"]
[Site "Birmingham ENG"]
[Date "2006.09.23"]
[Round "1.5"]
[White "Davda, Rahil"]
[Black "Lakhani, Kishan"]
[Result "0-1"]
[WhiteElo "1855"]
[BlackElo "1977"]
[PlyCount "62"]
[EventDate "2006.09.23"]
[EventType "team"]
[EventRounds "11"]
[EventCountry "ENG"]
[WhiteTeam "Addlestone"]
[BlackTeam "Notts 1"]

1. d4 Nf6 2. c4 d6 3. Nc3 g6 4. e4 Bg7 5. Nf3 O-O 6. Be2 e5 7. d5 Nbd7 8. Bg5
h6 9. Bh4 a5 10. O-O Nc5 11. Qc2 Bd7 12. Ne1 g5 13. Bg3 Nh7 14. f3 f5 15. Nd3
Nxd3 16. Bxd3 f4 17. Bf2 b6 18. b3 h5 19. a3 g4 20. fxg4 hxg4 21. Be1 Qg5 22.
Qd2 Qh5 23. Qf2 Bf6 24. Ne2 Rf7 25. Rb1 Ng5 26. Kh1 Rh7 27. Qg1 Kg7 28. Bc3 g3
29. Nxf4 Qxh2+ 30. Qxh2 Rxh2+ 31. Kg1 Rah8 0-1

[Event "4NCL/Div4/ADD vs. NOTT1"]
[Site "Birmingham ENG"]
[Date "2006.09.23"]
[Round "1.6"]
[White "Webster, Richard J"]
[Black "Shanahan, Piers"]
[Result "1-0"]
[WhiteElo "1978"]
[BlackElo "1670"]
[PlyCount "87"]
[EventDate "2006.09.23"]
[EventType "team"]
[EventRounds "11"]
[EventCountry "ENG"]
[WhiteTeam "Notts 1"]
[BlackTeam "Addlestone"]

1. c4 c5 2. g3 e6 3. Nf3 b6 4. Bg2 Bb7 5. Nc3 Nf6 6. d3 d5 7. cxd5 exd5 8. d4
cxd4 9. Nxd4 Bc5 10. O-O Nc6 11. Nxc6 Bxc6 12. Bg5 O-O 13. b3 Rc8 14. Bxf6 Qxf6
15. Nxd5 Bxd5 16. Qxd5 Rfd8 17. Qb7 a5 18. e3 Bb4 19. Rad1 h6 20. Rxd8+ Rxd8
21. Qc6 Qxc6 22. Bxc6 Rd2 23. a4 g5 24. Bb5 Kf8 25. Rc1 Bc5 26. Kf1 Rb2 27. Bc4
Ke7 28. Rd1 f5 29. Rd5 f4 30. gxf4 gxf4 31. Rh5 fxe3 32. fxe3 Kd7 33. e4 Rf2+
34. Ke1 Be3 35. Rh3 Bc5 36. Rxh6 Rf4 37. Bd5 Be3 38. Rh3 Bc5 39. Ke2 Rf2+ 40.
Kd3 Kd6 41. Rh5 Rf3+ 42. Kc4 Rf4 43. Rh6+ Ke5 44. Re6# 1-0

[Event "4NCL/Div4/GUI5 vs. SCS1"]
[Site "Birmingham ENG"]
[Date "2006.09.23"]
[Round "1.1"]
[White "Eckloff, Colin"]
[Black "Moyse, Nigel"]
[Result "1-0"]
[WhiteElo "1940"]
[BlackElo "2036"]
[PlyCount "75"]
[EventDate "2006.09.23"]
[EventType "team"]
[EventRounds "11"]
[EventCountry "ENG"]
[WhiteTeam "Guildford-ADC 5"]
[BlackTeam "S C Stars 2"]

1. d4 Nf6 2. c4 g6 3. Nc3 Bg7 4. e4 d6 5. f3 Nc6 6. Be3 O-O 7. Rb1 Re8 8. b4 e5
9. d5 Nd4 10. Nge2 c5 11. dxc6 bxc6 12. Nxd4 exd4 13. Bxd4 d5 14. cxd5 cxd5 15.
Bxf6 Qxf6 16. Nxd5 Rxe4+ 17. Be2 Qh4+ 18. g3 Rxe2+ 19. Qxe2 Qd4 20. Rd1 Qe5 21.
Qxe5 Bxe5 22. Kf2 Be6 23. Rhe1 Bb8 24. a4 Kg7 25. a5 Bd6 26. Nf4 Bxf4 27. gxf4
Rb8 28. Rb1 a6 29. Re5 Bc4 30. Rc5 Bb5 31. Re1 Kf6 32. Rc7 Ba4 33. Ree7 Bb3 34.
Rb7 Rc8 35. Rec7 Rd8 36. Rb6+ Kf5 37. Rc5+ Bd5 38. Ke3 1-0

[Event "4NCL/Div4/GUI5 vs. SCS1"]
[Site "Birmingham ENG"]
[Date "2006.09.23"]
[Round "1.2"]
[White "Sathyanandha, Saravanan"]
[Black "Arora, Manoj"]
[Result "1-0"]
[WhiteElo "1930"]
[BlackElo "1925"]
[PlyCount "81"]
[EventDate "2006.09.23"]
[EventType "team"]
[EventRounds "11"]
[EventCountry "ENG"]
[WhiteTeam "S C Stars 2"]
[BlackTeam "Guildford-ADC 5"]

1. d4 d5 2. c4 c6 3. Nc3 Nf6 4. f3 Bf5 5. g4 Bc8 6. g5 Ng8 7. e4 dxe4 8. Nxe4
h6 9. f4 Bf5 10. Ng3 Bc8 11. g6 fxg6 12. Bd3 Qd6 13. Nf3 Bg4 14. Bxg6+ Qxg6 15.
Ne5 Bxd1 16. Nxg6 Rh7 17. Kxd1 Nd7 18. Re1 O-O-O 19. Nf5 Ndf6 20. b3 Kd7 21.
Ba3 b6 22. Nfxe7 Nxe7 23. Nxf8+ Rxf8 24. Rxe7+ Kc8 25. Rxa7 Re8 26. Ra8+ Kd7
27. Rxe8 Nxe8 28. Kd2 g6 29. Rg1 g5 30. Ke3 Ng7 31. fxg5 hxg5 32. Rg2 Ne6 33.
d5 cxd5 34. cxd5 Rh3+ 35. Ke4 Rh4+ 36. Ke3 Rh3+ 37. Rg3 Rxg3+ 38. hxg3 Nc5 39.
Bxc5 bxc5 40. Ke4 Kd6 41. g4 1-0

[Event "4NCL/Div4/GUI5 vs. SCS1"]
[Site "Birmingham ENG"]
[Date "2006.09.23"]
[Round "1.3"]
[White "Shaw, Matthew"]
[Black "Sathyanandha, Senthuran"]
[Result "0-1"]
[WhiteElo "1920"]
[BlackElo "1920"]
[PlyCount "48"]
[EventDate "2006.09.23"]
[EventType "team"]
[EventRounds "11"]
[EventCountry "ENG"]
[WhiteTeam "Guildford-ADC 5"]
[BlackTeam "S C Stars 2"]

1. e4 e6 2. d4 d5 3. Nd2 dxe4 4. Nxe4 Nd7 5. Nf3 Ngf6 6. Bg5 Be7 7. Bd3 Nxe4 8.
Bxe7 Qxe7 9. Bxe4 Qb4+ 10. Qd2 Qxb2 11. O-O Nf6 12. Bd3 O-O 13. Rfb1 Qa3 14.
Rb3 Qd6 15. Ne5 b6 16. c4 Bb7 17. c5 Qd5 18. Bf1 bxc5 19. Rab1 cxd4 20. Rb5 c5
21. Nd3 Ne4 22. Qb2 Bc6 23. Nb4 Qd7 24. Nxc6 Qxc6 0-1

[Event "4NCL/Div4/GUI5 vs. SCS1"]
[Site "Birmingham ENG"]
[Date "2006.09.23"]
[Round "1.4"]
[White "Lutton, J Arnold"]
[Black "Chapman, Timothy J"]
[Result "1-0"]
[WhiteElo "1901"]
[BlackElo "1840"]
[PlyCount "87"]
[EventDate "2006.09.23"]
[EventType "team"]
[EventRounds "11"]
[EventCountry "ENG"]
[WhiteTeam "S C Stars 2"]
[BlackTeam "Guildford-ADC 5"]

1. e4 e5 2. Nf3 Nc6 3. Bb5 Nf6 4. O-O Nxe4 5. d4 Nd6 6. Bxc6 dxc6 7. Nxe5 Be7
8. Nc3 O-O 9. Be3 Nf5 10. Ne4 Be6 11. c3 f6 12. Nd3 b6 13. Nf4 Bf7 14. Qg4 Qc8
15. Bd2 Nd6 16. Qxc8 Raxc8 17. Rfe1 Rfe8 18. b3 Bf8 19. Ng3 Rxe1+ 20. Rxe1 Re8
21. Rxe8 Nxe8 22. c4 g5 23. Nfe2 Bg6 24. f3 h6 25. Kf2 f5 26. Nc3 Nf6 27. Nge2
f4 28. g4 a6 29. Nc1 Kf7 30. Ke2 c5 31. d5 Bd6 32. Nd3 Ke7 33. Bc1 Kd7 34. Bb2
c6 35. Na4 b5 36. Naxc5+ Bxc5 37. Nxc5+ Kd6 38. Nxa6 Ne8 39. Ba3+ Kd7 40. Nb8+
Kc8 41. Nxc6 Bb1 42. Na7+ Kb8 43. Nxb5 Bxa2 44. Nd4 1-0

[Event "4NCL/Div4/GUI5 vs. SCS1"]
[Site "Birmingham ENG"]
[Date "2006.09.23"]
[Round "1.5"]
[White "Gunn, Michael J"]
[Black "Lowry-O'Reilly, Hannah"]
[Result "1/2-1/2"]
[WhiteElo "1800"]
[BlackElo "1830"]
[PlyCount "83"]
[EventDate "2006.09.23"]
[EventType "team"]
[EventRounds "11"]
[EventCountry "ENG"]
[WhiteTeam "Guildford-ADC 5"]
[BlackTeam "S C Stars 2"]

1. d4 d5 2. Nf3 Nf6 3. e3 e6 4. Bd3 g6 5. Nbd2 Bg7 6. O-O O-O 7. c3 b6 8. e4
dxe4 9. Nxe4 Bb7 10. Nxf6+ Bxf6 11. Bh6 Bg7 12. Bxg7 Kxg7 13. Qe2 Nd7 14. Rfe1
Nf6 15. h3 Qd6 16. Rad1 Rfe8 17. Bb1 Rad8 18. Ne5 c5 19. dxc5 Qxc5 20. Bc2 Qc7
21. Qe3 Rxd1 22. Rxd1 Rd8 23. Rd4 Rd5 24. Ng4 Nxg4 25. hxg4 Re5 26. Qd2 Rd5 27.
Be4 Rxd4 28. Qxd4+ Kg8 29. Bxb7 Qxb7 30. Qd8+ Kg7 31. g5 Qd5 32. Qf6+ Kg8 33.
a3 Qd2 34. c4 Qd1+ 35. Kh2 Qd3 36. Kg1 Qxc4 37. Qd8+ Kg7 38. Qf6+ Kg8 39. Qd8+
Kg7 40. Qf6+ Kg8 41. Qd8+ Kg7 42. Qf6+ 1/2-1/2

[Event "4NCL/Div4/GUI5 vs. SCS1"]
[Site "Birmingham ENG"]
[Date "2006.09.23"]
[Round "1.6"]
[White "Scarry, Herbert"]
[Black "Arghadewal, Aryan"]
[Result "1-0"]
[WhiteElo "1812"]
[BlackElo "1735"]
[PlyCount "81"]
[EventDate "2006.09.23"]
[EventType "team"]
[EventRounds "11"]
[EventCountry "ENG"]
[WhiteTeam "S C Stars 2"]
[BlackTeam "Guildford-ADC 5"]

1. c4 Nf6 2. g3 e6 3. Nf3 Nc6 4. Bg2 Bc5 5. O-O e5 6. e3 O-O 7. d4 exd4 8. exd4
Be7 9. d5 Nb8 10. Nc3 d6 11. h3 Nbd7 12. Re1 b6 13. Nd4 Bb7 14. f4 a5 15. g4
Nc5 16. g5 Nfd7 17. Nf5 Re8 18. Qd4 Bf8 19. Bd2 g6 20. Rxe8 Qxe8 21. Re1 Qd8
22. Nh6+ Bxh6 23. gxh6 Qf6 24. Qxf6 Nxf6 25. Nb5 Ne8 26. Bc3 Kf8 27. Re3 f5 28.
Nd4 Kf7 29. Nf3 Ne4 30. Rxe4 fxe4 31. Ng5+ Kg8 32. Bxe4 Bc8 33. Bxg6 Kf8 34.
Bxh7 Ke7 35. Bd3 Nf6 36. Kf2 Bd7 37. Kf3 Rh8 38. h7 Be8 39. Bf5 Bh5+ 40. Kg3
Be2 41. Ne4 1-0